Machine dreaming and consciousness (Record no. 22768)

MARC details
000 -LEADER
fixed length control field 02007cam a22002055i 4500
020 ## - INTERNATIONAL STANDARD BOOK NUMBER
ISBN 9780128037201
020 ## - INTERNATIONAL STANDARD BOOK NUMBER
ISBN 0128037202
082 ## - DEWEY DECIMAL CLASSIFICATION NUMBER
Classification number 154.63
Author Cutter PAG
100 1# - MAIN ENTRY--AUTHOR NAME
Author name Pagel, James F.,
245 10 - TITLE STATEMENT
Title Machine dreaming and consciousness
260 ## - PUBLICATION, DISTRIBUTION, ETC. (IMPRINT)
Place of publication United Kingdom
Name of publisher Elsevier
Year of publication 2017
300 ## - PHYSICAL DESCRIPTION
Number of Pages xi, 218 pages ;
520 ## - SUMMARY, ETC.
Summary, etc Machine Dreaming and Consciousness is the first book to discuss the questions raised by the advent of machine dreaming. Artificial intelligence (AI) systems meeting criteria of primary and self-reflexive consciousness are often utilized to extend the human interface, creating waking experiences that resemble the human dream. Surprisingly, AI systems also easily meet all human-based operational criteria for dreaming. These "dreamsïÅư are far different from anthropomorphic dreaming, including such processes as fuzzy logic, liquid illogic, and integration instability, all processes that may be necessary in both biologic and artificial systems to extend creative capacity. Today, multi-linear AI systems are being built to resemble the structural framework of the human central nervous system. The creation of the biologic framework of dreaming (emotions, associative memories, and visual imagery) is well within our technical capacity. AI dreams potentially portend the further development of consciousness in these systems. This focus on AI dreaming raises even larger questions. In many ways, dreaming defines our humanity. What is humanly special about the states of dreaming? And what are we losing when we limit our focus to its technical and biologic structure, and extend the capacity for dreaming into our artificial creations? Machine Dreaming and Consciousness provides thorough discussion of these issues for neuroscientists and other researchers investigating consciousness and cognition.
650 #0 - SUBJECT ADDED ENTRY--TOPICAL TERM
Topical Term Dreams.
650 #0 - SUBJECT ADDED ENTRY--TOPICAL TERM
Topical Term Consciousness.
650 #0 - SUBJECT ADDED ENTRY--TOPICAL TERM
Topical Term Altered states of consciousness.
942 ## - ADDED ENTRY ELEMENTS (KOHA)
Koha item type Books
700 1# -
-- Kirshtein, Philip,
Holdings
Home library Current library Shelving location Date acquired Full call number Accession Number Koha item type
Henry Martyn Institute Library Henry Martyn Institute Library General stacks 10/21/2019 154.63 PAG 25649 Books
                   Copyright © 2026 | Henry Martyn Institute | Hyderabad | TS-500052 | INDIA | Implemented by hmi.edu.in
Hit-Count:

Powered by Koha